Pays bombardés par les Etats-Unis depuis 1950 - Statistiques

Statistiques générales
  • Ce quiz a été pris 122 fois
  • Le résultat moyen est 27 sur 42
Réponses sur la Carte
Les réponses sont colorées sur une échelle allant du rouge au vert en fonction du pourcentage des utilisateurs qui les ont devinées à leur premier essai. Vous pouvez retrouver ces pourcentages ci-dessous.
 
Statistiques - réponses
Hint Réponse % Correct
1987 Iran
99%
2025 Iran
99%
2026 Iran
99%
1991 Irak
97%
1991-2003 Irak
97%
2020 Irak
97%
2024 Irak
97%
1998 Afghanistan
89%
2001-15 Afghanistan
89%
2014-15 Syrie
85%
2018 Syrie
85%
2024 Syrie
85%
2007-15 Pakistan
81%
1959-61 Cuba
78%
2026 Vénézuela
76%
1950-53 Corée
75%
1961-73 Vietnam
75%
1983 Liban
74%
2002 Yemen
72%
2009-11 Yemen
72%
2023-25 Yemen
72%
2025 Yemen
72%
1950-53 Chine
65%
1991 Koweit
61%
1964-73 Laos
58%
1986 Libye
56%
2011-15 Libye
56%
1969-70 Cambodge
53%
1993 Somalie
49%
2007-11 Somalie
49%
1998 Soudan
49%
1958 Indonésie
40%
1964 Congo
34%
1980 Nicaragua
34%
1989 Panama
34%
1980 Salvador
30%
1954 Guatemala
28%
1960 Guatemala
28%
1967-69 Guatemala
28%
1999 Yougoslavie
23%
1994 Bosnie
20%
1983 Grenade
14%
Aucun quiz correspondant
Distribution des résultats
% des personnes avec chaque résultat
Percentile par nombre de réponses
Votre historique - résultats
Vous n’avez pas pris ce quiz